SCP Heritage Collection - Statistics

General Stats
  • This quiz has been taken 83 times
  • The average score is 7 of 14
Answer Stats
Hint Answer % Correct
SCP-173 The Sculpture
84%
SCP-076 "Able"
78%
SCP-343 "God"
70%
SCP-682 Hard-to-Destroy-Reptile
67%
SCP-055 [unknown]
56%
SCP-500 Panacea
52%
SCP-087 The Stairwell
50%
SCP-914 The Clockworks
47%
SCP-093 Red Sea Object
39%
SCP-239 The Witch Child
28%
SCP-963 Immortality
25%
SCP-701 The Hanged King's Tragedy
20%
SCP-882 A Machine
19%
SCP-231 Special Personnel Requirements
19%
No matching quizzes found
Score Distribution
Percent of People with Each Score
Percentile by Number Answered
Your Score History
You have not taken this quiz